Председатель Правления Общества Владикавказской железной дороги. По вопросу о записке члена Государственной Думы Маркова Н. Л. /...

Доступно только в Электронных читальных залах Найти на картеНа карте
RUSMARC
00004976nac2a22003133x 450
001e515422b-0323-4ee5-838c-77cf1cce17f7
00520211210101332.0
100##$a20211120l1911 k y0rusy50 ca
1010#$arus
102##$aRU
105##$ay z |||||
1220#$ad19111231
2001#$aПредседатель Правления Общества Владикавказской железной дороги. По вопросу о записке члена Государственной Думы Маркова Н. Л. /Первого/ к смете департамента железно-дорожных дел на 1911 г.
$j1911
215##$a1 лист
251##$cДело
300##$aЗаголовок дела на папке: Письмо председателя Правления Общества Владикавказской железной дороги - Звегинцеву Ал. Ив. (По вопросу о записке члена Государственной Думы - Маркова Н. Л. (1-го) к смете Департамента железнодорожных дел на 1911 год)
300##$aМашинописный текст
330##$aВходит в раздел описи: 1. Письма к А. И. Звегинцову. 2/ Письма по служебной деятельности А. И. Звегинцова
461#0$1001fc48e33c-c630-4015-85dd-2f2aab656f45
$12001
$aЗвегинцев Александр Иванович, помещик Воронежской губернии, депутат III Государственной думы, член партии "Союз 17 октября"
$1251
$cФонд
$1852
$j932
462#0$1001ddcf82e7-7bd9-4c5e-b7f1-85df8b3febb3
$12001
$aДела постоянного хранения. 1899-1913 гг.
$vД. 289
$1251
$cОпись
$1852
$j1
5171#$aПисьмо председателя Правления Общества Владикавказской железной дороги - Звегинцеву Ал. Ив. (По вопросу о записке члена Государственной Думы - Маркова Н. Л. (1-го) к смете Департамента железнодорожных дел на 1911 год)
600#1$aЗвегинцев
$bА. И.
$gАлександр Иванович
600#1$aМарков
$bН. Л.
60101$3RU\NLR\AUTH\8810039162
$aРоссия
$bГосударственная Дума
60101$3RU\NLR\AUTH\889928276
$aРоссия
$bДепартамент железнодорожных дел
60102$aОбщество Владикавказской железной дороги. Правление
801#0$aRU
$bGA_RF
801#1$aRU
$bГлавНИВЦ
$c20211120
$2rusmarc
801#2$aRU
$bПБ им. Б.Н. Ельцина
$c20211210
$gRCR
$2rusmarc
852##$aГА РФ
$j289
937##$d171397455
$hГАРФ
035##$aRuPRLIB51062537
856##$uhttp://readingroom.main.prlib.ru/item.aspx?id_node=n171397455&mode=full
Формат отображения